Logos with Fish - Statistics

General Stats
  • This quiz has been taken 41 times
  • The average score is 6 of 12
Answer Stats
Picture Hint Answer % Correct
Website Jetpunk
93%
Brand (Fish?) Starbucks
93%
Movie Finding Nemo
90%
Brand Goldfish
83%
Brand Bass Pro Shop
69%
Sports Team Miami Marlins
55%
Brand Patagonia
34%
Website Deepseek
28%
Brand Starkist
28%
Brand Captain D's
14%
Brand (1865) Nokia
10%
Brand Tommy Bahama
7%
No matching quizzes found
Score Distribution
Percent of People with Each Score
Percentile by Number Answered
Your Score History
You have not taken this quiz